Pláticas de orientación a los maestros

Kaydedildi:
Detaylı Bibliyografya
Yazar: Hamrin, S. A (Yazar)
Materyal Türü: Kitap
Dil:İspanyolca
Baskı/Yayın Bilgisi: Ciudad de México CRAT 1963
Edisyon:4a. ed
Konular:
Etiketler: Etiketle
Etiket eklenmemiş, İlk siz ekleyin!

MARC

LEADER 00000nam a2200000 a 4500
001 UCZ0623
003 CL-VaPUC
008 950804e19630000MX |||||||||||||||||spa|d
082 0 4 |a 371.4  |b HAM  |2 21 
100 |a Hamrin, S. A  |e author  |9 343655 
245 1 0 |a Pláticas de orientación a los maestros 
250 |a 4a. ed 
300 |a 134 p 
942 |c BK 
945 |d 19950804 00:00:00  |a cmena 
260 |a Ciudad de México  |b CRAT  |c 1963 
650 7 |a ORIENTACION EDUCACIONAL  |2 CL-VaPUC  |9 312512 
650 0 |a Orientación profesional   |9 308504 
650 0 |a Rol del docente  |9 329733 
650 7 |a RESPONSABILIDAD DEL DOCENTE  |2 CL-VaPUC  |9 339168 
650 0 |a Vocación  |9 328817 
650 0 |a Salud mental  |9 308393 
583 |a last modification  |c 19950804 00:00:00  |k Rodrigo Vera 
999 |c 237537  |d 237535 
952 |0 0  |1 0  |4 0  |6 371_400000000000000_HAM_1963  |7 0  |8 P  |9 246822  |a BIBEDU  |b BIBEDU  |c BIBEDU_PB  |d 2019-11-18  |i 1551728  |o 371.4 HAM 1963  |p 1551728  |r 2024-01-25  |w 2019-11-18  |y BK  |k EDU